<?xml version="1.0" encoding="UTF-8"?><?xml-stylesheet type="text/xsl" href="static/style.xsl"?><OAI-PMH xmlns="http://www.openarchives.org/OAI/2.0/" xmlns:xsi="http://www.w3.org/2001/XMLSchema-instance" xsi:schemaLocation="http://www.openarchives.org/OAI/2.0/ http://www.openarchives.org/OAI/2.0/OAI-PMH.xsd"><responseDate>2026-06-07T04:43:34Z</responseDate><request verb="GetRecord" identifier="oai:riuma.uma.es:10630/45913" metadataPrefix="marc">https://riuma.uma.es/rest/oai/request</request><GetRecord><record><header><identifier>oai:riuma.uma.es:10630/45913</identifier><datestamp>2026-03-06T00:46:29Z</datestamp><setSpec>com_10630_2254</setSpec><setSpec>col_10630_37953</setSpec></header><metadata><record xmlns="http://www.loc.gov/MARC21/slim" xmlns:dcterms="http://purl.org/dc/terms/" xmlns:doc="http://www.lyncode.com/xoai" xmlns:xsi="http://www.w3.org/2001/XMLSchema-instance" xsi:schemaLocation="http://www.loc.gov/MARC21/slim http://www.loc.gov/standards/marcxml/schema/MARC21slim.xsd">
   <leader>00925njm 22002777a 4500</leader>
   <datafield ind2=" " ind1=" " tag="042">
      <subfield code="a">dc</subfield>
   </datafield>
   <datafield ind2=" " ind1=" " tag="720">
      <subfield code="a">Girón, David</subfield>
      <subfield code="e">author</subfield>
   </datafield>
   <datafield ind2=" " ind1=" " tag="720">
      <subfield code="a">Delgado-Pérez, Tomás</subfield>
      <subfield code="e">author</subfield>
   </datafield>
   <datafield ind2=" " ind1=" " tag="720">
      <subfield code="a">Ruiz-del-Castillo, Javier</subfield>
      <subfield code="e">author</subfield>
   </datafield>
   <datafield ind2=" " ind1=" " tag="720">
      <subfield code="a">Cabalín-Robles, Luisa María</subfield>
      <subfield code="e">author</subfield>
   </datafield>
   <datafield ind2=" " ind1=" " tag="720">
      <subfield code="a">Laserna-Vázquez, José Javier</subfield>
      <subfield code="e">author</subfield>
   </datafield>
   <datafield ind2=" " ind1=" " tag="260">
      <subfield code="c">2018</subfield>
   </datafield>
   <datafield ind2=" " ind1=" " tag="520">
      <subfield code="a">The analytical possibilities of laser induced breakdown spectroscopy (LIBS) to carry out in-situ and real-time detection and compositional characterization of solid aerosols in the atmosphere of a steelmaking factory, have been evaluated. To this aim, a compact and versatile dual-pulse LIBS analyzer, able to sample at distances up to eight meters, has been design to work under these hostile industrial environments. Due to the discrete nature of the 
particulate matter, the particle sampling rate was less than 2.5% and 6% for single- and double-pulse regimes, respectively. An efficient statistical procedure, based on the calculation of standard deviations, is used to qualitatively characterize the elemental composition of the aerosol. Then, a conditional analysis based on the limit of detection, is employed to assess the elemental sampling rate. This experimental methodology has been used to evaluate the influence on the aerosol formed of the oxycutting process in a continuous casting machine producing steel slabs, revealing a strong presence of elements derived from the casting powder used in the production. Moreover, chromium, present in the steel cast, is detected in suspension in the steel shop. An increase in the concentration of particulate matter when oxycutting is working is suggested. Single-pulse and dual-pulse excitation modes are also evaluated.</subfield>
   </datafield>
   <datafield ind1="8" ind2=" " tag="024">
      <subfield code="a">D. Girón, T. Delgado, J. Ruiz, L.M. Cabalín, J.J. Laserna. In-situ monitoring and characterization of airborne solid particles in the hostile environment of a steel industry using stand-off LIBS. Measurement, 115 (2018), pp. 1-10</subfield>
   </datafield>
   <datafield ind1="8" ind2=" " tag="024">
      <subfield code="a">https://hdl.handle.net/10630/45913</subfield>
   </datafield>
   <datafield ind1="8" ind2=" " tag="024">
      <subfield code="a">10.1016/j.measurement.2017.09.046</subfield>
   </datafield>
   <datafield tag="653" ind2=" " ind1=" ">
      <subfield code="a">Espectroscopía de láser</subfield>
   </datafield>
   <datafield tag="653" ind2=" " ind1=" ">
      <subfield code="a">Acero - Industria</subfield>
   </datafield>
   <datafield ind2="0" ind1="0" tag="245">
      <subfield code="a">In-situ monitoring and characterization of airborne solid particles in hostile industrial environments using stand-off LIBS</subfield>
   </datafield>
</record>
</metadata></record></GetRecord></OAI-PMH>